000 00640nam a2200205 i 4500
001 129849
003 ES-MaACL
005 20231207063025.0
007 t|
008 070709s1962 sp ||||1| spa d
100 1 _aZubiri, Xavier,
_d1898-1983
_9118406
245 1 0 _aSobre la esencia /
_cXavier Zubiri.
260 _aMadrid :
_bSociedad de Estudios y Publicaciones,
_c1962 (
_fMontaña)
300 _a521 p. ;
_c23 cm.
490 1 _aEstudios filosóficos ;
_v1
650 1 4 _aEsencia (Filosofía)
_912457
830 0 _aEstudios filosóficos ;
_v1
_9186785
852 _aES-MaACL
_jB-4604
_bR.69128
999 _c129849
_d129849